| 000 | 00575nam a22001697a 4500 | ||
|---|---|---|---|
| 003 | MACL | ||
| 005 | 20160719152327.0 | ||
| 008 | 160719b xxu||||| |||| 00| 0 eng d | ||
| 040 | _cMACL | ||
| 041 | _aHindi | ||
| 082 | _a910 | ||
| 100 |
_aठाकुर, सूरत _964751 |
||
| 245 |
_aहिमाचल के शिखरों में रोमांचक सफर _cसूरत ठाकुर |
||
| 260 |
_aनई दिल्ली _bप्रकाशन संस्थान _c2014 |
||
| 650 |
_aयात्रा _964752 |
||
| 942 |
_2ddc _cHIN |
||
| 999 |
_c54482 _d54482 |
||